| 000 | 01218nac a22003371i 4500 | ||
|---|---|---|---|
| 003 | EG-ScBUE | ||
| 005 | 20250723091045.0 | ||
| 008 | 250717s2005 nyua f b 001 0 eng d | ||
| 020 | _a1859961940 | ||
| 020 | _a9781859961940 | ||
| 035 | _a(OCoLC)ocm47979927 | ||
| 040 |
_aEG-ScBUE _beng _erda _cEG-ScBUE _dEG-ScBUE |
||
| 082 | 0 | 4 |
_a541.3 _bWHI _222 |
| 100 | 1 |
_aWhittaker, A. G., _eauthor. |
|
| 245 | 1 | 0 |
_aPhysical chemistry / _cA. G. Whittaker, A. R. Mount & M. R. Heal, Department of Chemistry, University of Edinburgh, Edinburgh, UK. |
| 264 | 1 |
_aNew York : _bTaylor & Francis Group, _c2005. |
|
| 300 |
_avi, 286 pages : _billustrations ; _c25 cm. |
||
| 336 |
_2rdacontent _atext _btxt |
||
| 337 |
_aunmediated _2rdamedia _bn |
||
| 338 |
_avolume _bnc _2rdacarrier |
||
| 490 | 0 | _aInstant notes | |
| 500 | _aIncludes Appendices. | ||
| 500 | _aDigital printing. | ||
| 504 | _aIncludes bibliographical references and index. | ||
| 650 | 7 |
_aChemistry, Physical and theoretical. _2BUEsh |
|
| 655 | _vReading book | ||
| 700 | 1 |
_aMount, A. R., _eauthor. |
|
| 700 | 1 |
_aHeal, M. R., _eauthor. |
|
| 856 | 4 | 2 |
_3Publisher description _uhttp://www.loc.gov/catdir/enhancements/fy0653/2002510787-d.html |
| 942 |
_cBB _2ddc |
||
| 999 |
_c4356 _d4356 |
||